[Event "DVM U16 2008"]
[Site "Bingen GER"]
[Date "2008.12.27"]
[Round "2"]
[White "Zelbel, Patrick"]
[Black "Zhou, Syang"]
[Result "1-0"]
[Termination "normal"]
[Board "1.1"]
[WhiteElo "2246"]
[BlackElo "2110"]
[WhiteTeam "SF Brackel 1930"]
[BlackTeam "Schachfreunde Deizisau"]
[PlyCount "53"]
[WhiteFideId "24624322"]
[BlackFideId "24636126"]
[EventCountry "GER"]
[EventRounds "7"]
[EventType "team-swiss"]
[EventDate "2008.12.26"]

1. e4 e5 2. f4 d5 3. exd5 e4 4. d3 Qxd5 5. Qe2 Nf6 6. Nc3 Bb4 7. Bd2 Bxc3 8.
Bxc3 Bf5 9. Bxf6 gxf6 10. g4 Nc6 11. gxf5 Nd4 12. Qxe4+ Qxe4+ 13. dxe4 Nxc2+
14. Kd2 Nxa1 15. Nf3 O-O-O+ 16. Bd3 Rhg8 17. Rxa1 Rg2+ 18. Ke3 Rxb2 19. e5 fxe5
20. fxe5 Kd7 21. Bc4 f6 22. Rd1+ Ke8 23. Rxd8+ Kxd8 24. exf6 b5 25. f7 Ke7 26.
Be6 Rg2 27. Ne5 1-0

[Event "DVM U16 2008"]
[Site "Bingen GER"]
[Date "2008.12.27"]
[Round "2"]
[White "Früchel, Marcel"]
[Black "Kartsev, Alexandr"]
[Result "1/2-1/2"]
[Termination "normal"]
[Board "1.2"]
[WhiteElo "1857"]
[BlackElo "2084"]
[WhiteTeam "Schachfreunde Deizisau"]
[BlackTeam "SF Brackel 1930"]
[PlyCount "129"]
[WhiteFideId "24667218"]
[BlackFideId "24647110"]
[EventCountry "GER"]
[EventRounds "7"]
[EventType "team-swiss"]
[EventDate "2008.12.26"]

1. d4 d5 2. c4 c6 3. Nc3 e5 4. cxd5 cxd5 5. e3 e4 6. Qb3 Nf6 7. Be2 a6 8. Bd2
b5 9. a3 Nc6 10. Rc1 Na5 11. Qa2 Be7 12. b4 Nc4 13. Bxc4 bxc4 14. Nge2 Bd6 15.
Nf4 Bc7 16. Qc2 O-O 17. h3 g5 18. Nfe2 Nh5 19. h4 g4 20. g3 Be6 21. Nf4 Nxf4
22. exf4 Qd6 23. Ra1 Rfb8 24. O-O Bd7 25. Rfb1 Rb6 26. f5 Qc6 27. a4 Qb7 28. a5
Rf6 29. Ne2 Bxf5 30. Be3 Qc6 31. Qc3 Rb8 32. Rb2 Rb5 33. Rab1 Re6 34. Qd2 Re8
35. Nc3 Rb7 36. Na2 Be6 37. Qc3 Reb8 38. Qd2 Bd6 39. Qc3 Qc7 40. Bd2 Rc8 41. b5
axb5 42. Rxb5 Rcb8 43. Rxb7 Rxb7 44. Rxb7 Qxb7 45. Nb4 Bxb4 46. Qxb4 Qxb4 47.
Bxb4 Bc8 48. Kf1 Kg7 49. Ke2 Kf6 50. Bd2 Ke6 51. Bf4 Kd7 52. Kd2 Kc6 53. Kc3
Kb5 54. Bd6 Kxa5 55. Bc5 Kb5 56. Bd6 Kc6 57. Bf4 Kb5 58. Bd6 Be6 59. Kb2 Kc6
60. Bf4 Kd7 61. Kc3 Ke7 62. Be3 Kf6 63. Kb2 Kf5 64. Kc3 Bd7 65. Kb4 1/2-1/2

[Event "DVM U16 2008"]
[Site "Bingen GER"]
[Date "2008.12.27"]
[Round "2"]
[White "Strathoff, Jens"]
[Black "Rempeli, Alex"]
[Result "1-0"]
[Termination "normal"]
[Board "1.3"]
[WhiteElo "2020"]
[BlackElo "1768"]
[WhiteTeam "SF Brackel 1930"]
[BlackTeam "Schachfreunde Deizisau"]
[PlyCount "49"]
[WhiteFideId "4699084"]
[BlackFideId "24645931"]
[EventCountry "GER"]
[EventRounds "7"]
[EventType "team-swiss"]
[EventDate "2008.12.26"]

1. e4 c5 2. c4 Nc6 3. Ne2 d6 4. d4 cxd4 5. Nxd4 g6 6. Nc3 Bg7 7. Be3 Nf6 8. Be2
O-O 9. O-O Qd7 10. f3 b6 11. Qd2 Bb7 12. Rfd1 Rac8 13. Rac1 Rfd8 14. Bf1 Ne5
15. Nd5 Nc6 16. Nxc6 Rxc6 17. Nxf6+ Bxf6 18. c5 Qe6 19. Bc4 Qe5 20. Bd5 Rc7 21.
cxb6 Rxc1 22. Qxc1 Rc8 23. Qxc8+ Bxc8 24. bxa7 Qxd5 25. Rxd5 1-0

[Event "DVM U16 2008"]
[Site "Bingen GER"]
[Date "2008.12.27"]
[Round "2"]
[White "Winkler, Tim"]
[Black "Haidar, Marcel"]
[Result "0-1"]
[Termination "normal"]
[Board "1.4"]
[WhiteElo "1543"]
[BlackElo "1759"]
[WhiteTeam "Schachfreunde Deizisau"]
[BlackTeam "SF Brackel 1930"]
[PlyCount "62"]
[WhiteFideId "24654515"]
[EventCountry "GER"]
[EventRounds "7"]
[EventType "team-swiss"]
[EventDate "2008.12.26"]

1. e4 e5 2. Nf3 Nc6 3. Bc4 Nf6 4. d3 d6 5. h3 Be6 6. Bxe6 fxe6 7. Nc3 Qd7 8.
Bg5 O-O-O 9. Qd2 h6 10. Bh4 d5 11. O-O-O d4 12. Ne2 Nb4 13. a3 Qa4 14. Nxe5 Nc6
15. Nf7 Bxa3 16. bxa3 Qxa3+ 17. Kb1 Nd5 18. Qc1 Qa5 19. Nxd8 Rxd8 20. Qb2 Nc3+
21. Nxc3 dxc3 22. Qa2 Qb4+ 23. Ka1 Rd6 24. Rb1 Qc5 25. Bg3 e5 26. f3 Ne7 27.
Bf2 Qxf2 28. Rb3 Qc5 29. Ra3 Rb6 30. Rb1 Rxb1+ 31. Kxb1 Qg1# 0-1

[Event "DVM U16 2008"]
[Site "Bingen GER"]
[Date "2008.12.27"]
[Round "2"]
[White "Doberitz, Paul"]
[Black "Geske, Julian"]
[Result "1/2-1/2"]
[Termination "normal"]
[Board "2.1"]
[WhiteElo "2104"]
[BlackElo "2229"]
[WhiteTeam "SC Leipzig-Gohlis"]
[BlackTeam "SV 1920 Hofheim"]
[PlyCount "140"]
[WhiteFideId "24646130"]
[BlackFideId "24605263"]
[EventCountry "GER"]
[EventRounds "7"]
[EventType "team-swiss"]
[EventDate "2008.12.26"]

1. e4 d5 2. exd5 Qxd5 3. Nc3 Qa5 4. d4 Nf6 5. Bc4 Bg4 6. f3 Bf5 7. Nge2 e6 8.
O-O Be7 9. Ng3 Bg6 10. Be3 O-O 11. Qe2 Nbd7 12. f4 Rfe8 13. Rae1 Rad8 14. Kh1
Bb4 15. Bd2 Nb6 16. a3 Nxc4 17. Qxc4 Be7 18. Nce4 Qb6 19. Bc3 Nxe4 20. Nxe4 c6
21. b4 Qc7 22. Bb2 a5 23. Nc5 axb4 24. axb4 b6 25. Nd3 Bxd3 26. Qxd3 Bxb4 27.
Re3 Be7 28. f5 exf5 29. Qxf5 Bf6 30. Rh3 h6 31. Rg3 Rd6 32. Bc1 Qd7 33. Qh5 Re4
34. c3 Rh4 35. Qf3 Re6 36. h3 Qd5 37. Qxd5 cxd5 38. Rgf3 Rhe4 39. Bxh6 Bxd4 40.
cxd4 Rxh6 41. Rxf7 Rxd4 42. R1f2 Rd6 43. Rb7 Re4 44. Rf3 Rg6 45. Rf5 Rd6 46.
Rff7 Rg6 47. Rf5 d4 48. Rb8+ Kh7 49. Rh5+ Rh6 50. Rxh6+ Kxh6 51. Rxb6+ Kg5 52.
Rd6 Kf4 53. Kg1 Ke3 54. Kf1 Kd2 55. Kf2 d3 56. Rd7 g5 57. Rd5 g4 58. hxg4 Rxg4
59. Kf3 Rg8 60. g4 Rf8+ 61. Ke4 Ke2 62. g5 d2 63. Ke5 Rf3 64. Rxd2+ Kxd2 65. g6
Ke3 66. g7 Rg3 67. Kf6 Kd4 68. Kf7 {(=)} 68... Rf3+ 69. Ke8 Re3+ 70. Kf8 Rf3+
1/2-1/2

[Event "DVM U16 2008"]
[Site "Bingen GER"]
[Date "2008.12.27"]
[Round "2"]
[White "Hartmann, Nicolas"]
[Black "Meißner, Felix"]
[Result "0-1"]
[Termination "normal"]
[Board "2.2"]
[WhiteElo "2011"]
[BlackElo "2125"]
[WhiteTeam "SV 1920 Hofheim"]
[BlackTeam "SC Leipzig-Gohlis"]
[PlyCount "80"]
[WhiteFideId "24626481"]
[BlackFideId "24671827"]
[EventCountry "GER"]
[EventRounds "7"]
[EventType "team-swiss"]
[EventDate "2008.12.26"]

1. e4 c5 2. Nf3 d6 3. d4 cxd4 4. Nxd4 Nf6 5. Nc3 a6 6. Bc4 e6 7. Bb3 Nbd7 8. f4
Nc5 9. f5 b5 10. Qf3 Bd7 11. a3 Nxb3 12. Nxb3 Be7 13. Be3 Rc8 14. O-O O-O 15.
Rad1 Qc7 16. Nd4 e5 17. Nde2 Bc6 18. Bg5 Rfd8 19. Bxf6 Bxf6 20. Rf2 Qb6 21. Kh1
b4 22. axb4 Qxb4 23. b3 Bb7 24. Qd3 h6 25. Rf3 Kh8 26. Ng3 Qd4 27. Qe2 Qc5 28.
h3 Rc7 29. Nd5 Bxd5 30. Rxd5 Qxc2 31. Qxa6 Rc6 32. Qd3 Qc1+ 33. Rf1 Qb2 34. Rb1
Qa2 35. Re1 Rdc8 36. Re2 Qa1+ 37. Kh2 Bh4 38. Nh1 Rc1 39. Nf2 R8c3 40. Ra5 Qxa5
0-1

[Event "DVM U16 2008"]
[Site "Bingen GER"]
[Date "2008.12.27"]
[Round "2"]
[White "Pantusenko, Valeria"]
[Black "Ackermann, Johannes"]
[Result "1/2-1/2"]
[Termination "normal"]
[Board "2.3"]
[WhiteElo "1704"]
[BlackElo "1936"]
[WhiteTeam "SC Leipzig-Gohlis"]
[BlackTeam "SV 1920 Hofheim"]
[PlyCount "60"]
[WhiteFideId "4662920"]
[BlackFideId "24663875"]
[EventCountry "GER"]
[EventRounds "7"]
[EventType "team-swiss"]
[EventDate "2008.12.26"]

1. e4 e5 2. Nf3 Nc6 3. Nc3 Nf6 4. Bb5 Nd4 5. O-O Nxb5 6. Nxb5 c6 7. Nc3 d6 8.
d4 Qc7 9. Qd3 Be7 10. d5 O-O 11. Be3 Ng4 12. Ne2 f5 13. Bg5 fxe4 14. Qxe4 Bf5
15. Qc4 e4 16. dxc6+ Kh8 17. Bxe7 exf3 18. Bxf8 fxe2 19. Bxg7+ Qxg7 20. Qxe2
bxc6 21. f3 Qd4+ 22. Kh1 Ne3 23. c3 Qc5 24. Rf2 Re8 25. Re1 Re5 26. Qd2 Nc4 27.
Rxe5 Qxe5 28. Qe2 {(=)} 28... Ne3 29. Qd2 Nc4 30. Qe2 Ne3 1/2-1/2

[Event "DVM U16 2008"]
[Site "Bingen GER"]
[Date "2008.12.27"]
[Round "2"]
[White "Sohl, Thies"]
[Black "Ohme, Markus"]
[Result "1-0"]
[Termination "normal"]
[Board "2.4"]
[WhiteElo "1703"]
[BlackElo "1366"]
[WhiteTeam "SV 1920 Hofheim"]
[BlackTeam "SC Leipzig-Gohlis"]
[PlyCount "57"]
[EventCountry "GER"]
[EventRounds "7"]
[EventType "team-swiss"]
[EventDate "2008.12.26"]

1. e4 e5 2. Nf3 Nc6 3. Bc4 Bc5 4. O-O Nf6 5. d4 exd4 6. e5 Ng8 7. c3 d3 8. Qxd3
Nge7 9. Re1 O-O 10. Ng5 Ng6 11. Nxf7 Rxf7 12. Bxf7+ Kxf7 13. Qd5+ Kf8 14. Qxc5+
Nce7 15. Bg5 b6 16. Bxe7+ Nxe7 17. Qe3 Kg8 18. Nd2 Bb7 19. Qg5 Qf8 20. Ne4 Kh8
21. Rad1 Rd8 22. Qh5 Ng6 23. e6 Nf4 24. Qf7 Qxf7 25. exf7 Bc6 26. Ng5 d6 27. g3
Ng6 28. Ne6 Rc8 29. Nxc7 1-0

[Event "DVM U16 2008"]
[Site "Bingen GER"]
[Date "2008.12.27"]
[Round "2"]
[White "Marx, Joschka"]
[Black "Schulz, Jens"]
[Result "0-1"]
[Termination "normal"]
[Board "3.1"]
[WhiteElo "1978"]
[BlackElo "2085"]
[WhiteTeam "Segeberger Schachfreunde"]
[BlackTeam "Schachklub Nordhorn-Blanke"]
[PlyCount "112"]
[WhiteFideId "24645869"]
[BlackFideId "24675687"]
[EventCountry "GER"]
[EventRounds "7"]
[EventType "team-swiss"]
[EventDate "2008.12.26"]

1. e4 e5 2. Nf3 Nc6 3. Bb5 a6 4. Ba4 Nf6 5. O-O Be7 6. d3 d6 7. c3 O-O 8. h3 b5
9. Bb3 Na5 10. Bc2 c5 11. Nbd2 Qc7 12. Nh2 d5 13. Ng4 d4 14. Nxf6+ Bxf6 15. c4
Be6 16. b3 Bg5 17. Qh5 f6 18. Re1 Nc6 19. Nf1 Nb4 20. Qe2 Bxc1 21. Rexc1 Rfb8
22. a3 Nc6 23. Rab1 Rb7 24. Bd1 Rab8 25. Qc2 bxc4 26. bxc4 Qa5 27. Rxb7 Rxb7
28. Rb1 Qc7 29. Rxb7 Qxb7 30. Qb3 Qxb3 31. Bxb3 Kf7 32. Nd2 Ke7 33. Kf1 Kd6 34.
Ke2 Ne7 35. Ba4 {(=)} 35... Ng6 36. Bc2 Nf4+ 37. Kf1 g5 38. Nb3 Bf7 39. f3 Kc6
40. a4 Be8 41. a5 Kd6 42. Nc1 Ne6 43. Ke2 Nd8 44. Kd2 Nb7 45. Nb3 {(=)} 45...
h5 46. g4 h4 47. Bd1 Ba4 48. Nxd4 exd4 49. Bxa4 Nxa5 50. Bd1 Nb7 51. Ba4 Nd8
52. Bd1 Nc6 53. Ba4 Nb4 54. Bb3 Ke5 55. Bd1 Kf4 56. Be2 Na2 0-1

[Event "DVM U16 2008"]
[Site "Bingen GER"]
[Date "2008.12.27"]
[Round "2"]
[White "Bor, Tobias"]
[Black "Schwarzat, Julian"]
[Result "1/2-1/2"]
[Termination "normal"]
[Board "3.2"]
[WhiteElo "1978"]
[BlackElo "2009"]
[WhiteTeam "Schachklub Nordhorn-Blanke"]
[BlackTeam "Segeberger Schachfreunde"]
[PlyCount "56"]
[WhiteFideId "24665398"]
[BlackFideId "24675857"]
[EventCountry "GER"]
[EventRounds "7"]
[EventType "team-swiss"]
[EventDate "2008.12.26"]

1. e4 e6 2. d4 d5 3. Nd2 Nf6 4. e5 Nfd7 5. Bd3 c5 6. c3 Nc6 7. Ne2 Qb6 8. Nf3
cxd4 9. cxd4 Bb4+ 10. Bd2 f6 11. exf6 Nxf6 12. O-O Bxd2 13. Qxd2 O-O 14. Rac1
Bd7 15. Rfe1 Kh8 16. Bb1 Rae8 17. Nf4 Qc7 18. Ne5 Kg8 19. Rc3 Bc8 20. Qc1 Qb6
21. Nxc6 bxc6 22. Qd2 Qc7 23. g3 Bd7 24. b4 Qd6 25. Ra3 Rb8 26. Nd3 Ne4 27. Qe3
Rb7 28. f3 Nf6 1/2-1/2

[Event "DVM U16 2008"]
[Site "Bingen GER"]
[Date "2008.12.27"]
[Round "2"]
[White "Huhnstock, Rico"]
[Black "Hurink, Maarten"]
[Result "1-0"]
[Termination "normal"]
[Board "3.3"]
[WhiteElo "1886"]
[BlackElo "1917"]
[WhiteTeam "Segeberger Schachfreunde"]
[BlackTeam "Schachklub Nordhorn-Blanke"]
[PlyCount "47"]
[WhiteFideId "24642932"]
[BlackFideId "24669156"]
[EventCountry "GER"]
[EventRounds "7"]
[EventType "team-swiss"]
[EventDate "2008.12.26"]

1. e4 d5 2. exd5 Qxd5 3. Nc3 Qa5 4. d4 c6 5. Bd2 Nf6 6. Bc4 Bf5 7. Nf3 e6 8.
Qe2 Bb4 9. Ne5 Nbd7 10. O-O-O Nxe5 11. dxe5 Nd7 12. f4 O-O-O 13. g4 Bg6 14.
Rhf1 h6 15. f5 exf5 16. gxf5 Bh7 17. Bxf7 Qxe5 18. Qxe5 Nxe5 19. Be6+ Nd7 20.
Ne4 Bxd2+ 21. Rxd2 Kc7 22. Rg1 g5 23. fxg6 Bg8 24. Rxd7+ 1-0

[Event "DVM U16 2008"]
[Site "Bingen GER"]
[Date "2008.12.27"]
[Round "2"]
[White "Baisakow, Christine"]
[Black "Neitzel, Mirko"]
[Result "0-1"]
[Termination "normal"]
[Board "3.4"]
[WhiteElo "1406"]
[BlackElo "1815"]
[WhiteTeam "Schachklub Nordhorn-Blanke"]
[BlackTeam "Segeberger Schachfreunde"]
[PlyCount "54"]
[WhiteFideId "24680052"]
[BlackFideId "24657298"]
[EventCountry "GER"]
[EventRounds "7"]
[EventType "team-swiss"]
[EventDate "2008.12.26"]

1. e4 c5 2. c3 d5 3. exd5 Qxd5 4. Nf3 Nc6 5. Bb5 Bg4 6. Be2 Nf6 7. h3 Bh5 8. d3
e6 9. Be3 Be7 10. Nbd2 O-O 11. O-O Rfd8 12. d4 cxd4 13. Bxd4 Nxd4 14. Nxd4 Bxe2
15. Qxe2 Bc5 16. N2b3 Bb6 17. Rad1 Qe4 18. Qxe4 Nxe4 19. Rfe1 Nd6 20. Nf3 Nc4
21. Rxd8+ Rxd8 22. Rb1 e5 23. Nc1 Rd1+ 24. Kh2 Bxf2 25. b3 Ne3 26. g4 e4 27.
Nd4 Rg1 0-1

[Event "DVM U16 2008"]
[Site "Bingen GER"]
[Date "2008.12.27"]
[Round "2"]
[White "Oltmanns, Ingmar"]
[Black "Borgmeyer, Max"]
[Result "1-0"]
[Termination "normal"]
[Board "4.1"]
[WhiteElo "1929"]
[BlackElo "2069"]
[WhiteTeam "USG Chemnitz"]
[BlackTeam "Koenigsspr. SC von 1984"]
[PlyCount "135"]
[WhiteFideId "4613910"]
[BlackFideId "24615870"]
[EventCountry "GER"]
[EventRounds "7"]
[EventType "team-swiss"]
[EventDate "2008.12.26"]

1. d4 Nf6 2. c4 Nc6 3. Nc3 e5 4. d5 Ne7 5. e4 Ng6 6. Be3 Bb4 7. f3 O-O 8. Qb3
Bxc3+ 9. Qxc3 d6 10. Bd3 Nh5 11. O-O-O Nhf4 12. g3 Nxd3+ 13. Qxd3 f5 14. Ne2 a6
15. h4 Rf7 16. Qd2 fxe4 17. fxe4 Bg4 18. h5 Nf8 19. h6 g6 20. Rdf1 Qd7 21. Nc3
b5 22. c5 dxc5 23. Bxc5 Rb8 24. Qg2 Rxf1+ 25. Qxf1 Qf7 26. Qxf7+ Kxf7 27. Rf1+
Kg8 28. Be7 Nd7 29. Nb1 a5 30. Nd2 Re8 31. Bg5 Nc5 32. Kc2 Be2 33. Re1 Bd3+ 34.
Kc1 Kf7 35. g4 Rf8 36. Be3 Na6 37. Bg1 Ke7 38. Re3 Bf1 39. Kd1 b4 40. Ke1 Bb5
41. Rf3 Rf4 42. Rxf4 exf4 43. Bd4 c6 44. Nf3 cxd5 45. e5 Kf8 46. Ng5 Kg8 47. e6
Nb8 48. e7 Be8 49. Kf2 Nc6 50. Bf6 Na7 51. Kf3 Nc8 52. Kxf4 Nd6 53. Ke5 Nc4+
54. Kxd5 Ne3+ 55. Ke6 Nxg4 56. Ne4 Nxh6 57. Nd6 Bc6 58. e8=Q+ Bxe8 59. Nxe8 Ng4
60. b3 h5 61. Bd8 Kh7 62. Nf6+ Nxf6 63. Bxf6 Kh6 64. Ke5 g5 65. Kf5 g4 66. Bg5+
Kg7 67. Kf4 Kg6 68. Bd8 1-0

[Event "DVM U16 2008"]
[Site "Bingen GER"]
[Date "2008.12.27"]
[Round "2"]
[White "Lock, Adrian"]
[Black "Nguyen Minh, Thuy"]
[Result "1-0"]
[Termination "normal"]
[Board "4.2"]
[WhiteElo "1981"]
[BlackElo "1867"]
[WhiteTeam "Koenigsspr. SC von 1984"]
[BlackTeam "USG Chemnitz"]
[PlyCount "73"]
[WhiteFideId "24651290"]
[BlackFideId "24672688"]
[EventCountry "GER"]
[EventRounds "7"]
[EventType "team-swiss"]
[EventDate "2008.12.26"]

1. e4 c5 2. b3 d6 3. Bb2 e5 4. Bc4 Nf6 5. d3 a6 6. a4 Nc6 7. Ne2 Rb8 8. Nbc3
Be7 9. O-O O-O 10. Nd5 b5 11. axb5 axb5 12. Nxf6+ Bxf6 13. Bd5 Nb4 14. Nc3 Nxd5
15. Nxd5 Be6 16. Nxf6+ Qxf6 17. f4 Qe7 18. fxe5 dxe5 19. Bxe5 Bg4 20. Qxg4 Qxe5
21. Qf5 Qxf5 22. Rxf5 c4 23. b4 Rfd8 24. Ra3 g6 25. Rc5 Rd4 26. Rd5 Rxd5 27.
exd5 Kf8 28. dxc4 bxc4 29. c3 Ke7 30. Ra7+ Kd6 31. Rxf7 Rh8 32. Rf4 Rc8 33. Rd4
Rc7 34. Kf2 Ra7 35. Rxc4 Kxd5 36. Rd4+ Kc6 37. Ke3 1-0

[Event "DVM U16 2008"]
[Site "Bingen GER"]
[Date "2008.12.27"]
[Round "2"]
[White "Schätz, Annika"]
[Black "Streich, Justus"]
[Result "1/2-1/2"]
[Termination "normal"]
[Board "4.3"]
[WhiteElo "1715"]
[BlackElo "1725"]
[WhiteTeam "USG Chemnitz"]
[BlackTeam "Koenigsspr. SC von 1984"]
[PlyCount "73"]
[WhiteFideId "24674796"]
[BlackFideId "24697168"]
[EventCountry "GER"]
[EventRounds "7"]
[EventType "team-swiss"]
[EventDate "2008.12.26"]

1. e4 e6 2. d4 d5 3. Nc3 Bb4 4. exd5 exd5 5. Bd3 Nc6 6. a3 Ba5 7. Nge2 Bg4 8.
Bb5 Nge7 9. O-O Qd7 10. f3 Bf5 11. Be3 O-O 12. Bf2 Rfe8 13. b4 Bb6 14. Nf4 Rad8
15. Re1 Qd6 16. Bxc6 bxc6 17. Nd3 Ng6 18. Qd2 a5 19. Nc5 Bxc5 20. bxc5 Qf6 21.
Rab1 Nf8 22. Rxe8 Rxe8 23. Rb7 Qg6 24. Rxc7 Bxc2 25. Ra7 a4 26. Ra6 h6 27. Nxd5
Bb3 28. Nc3 Re6 29. Bg3 Nd7 30. Ra8+ Kh7 31. Be5 Nxe5 32. dxe5 Rxe5 33. Nxa4
Bxa4 34. Rxa4 Rxc5 35. Re4 Rd5 36. Qc2 f5 37. Rc4 1/2-1/2

[Event "DVM U16 2008"]
[Site "Bingen GER"]
[Date "2008.12.27"]
[Round "2"]
[White "Akram, Shumon"]
[Black "Jentzsch, Jakob"]
[Result "1/2-1/2"]
[Termination "normal"]
[Board "4.4"]
[WhiteElo "1515"]
[BlackElo "1528"]
[WhiteTeam "Koenigsspr. SC von 1984"]
[BlackTeam "USG Chemnitz"]
[PlyCount "115"]
[WhiteFideId "24697184"]
[EventCountry "GER"]
[EventRounds "7"]
[EventType "team-swiss"]
[EventDate "2008.12.26"]

1. e4 c6 2. d4 d5 3. exd5 cxd5 4. Bd3 Nc6 5. c3 Qc7 6. Nf3 h6 7. O-O e6 8. Re1
Bd6 9. Qe2 Nge7 10. Ne5 Bd7 11. Bf4 Nxe5 12. Bxe5 f6 13. Qh5+ Kd8 14. Bxd6 Qxd6
15. Nd2 Rf8 16. Nb3 Kc7 17. Nc5 Nc6 18. Bb5 Rae8 19. Nxd7 Qxd7 20. Re3 a6 21.
Bxc6 Kxc6 22. Rae1 Re7 23. c4 b6 24. cxd5+ Qxd5 25. Qxd5+ Kxd5 26. Rc3 Rd8 27.
Kf1 Rdd7 28. Rd1 Rc7 29. Rxc7 Rxc7 30. Rd2 Rc4 31. Ke2 Rxd4 32. Rc2 Rc4 33.
Rd2+ Kc6 34. Kd1 Rc5 35. Ke2 Kc7 36. h3 h5 37. Kf1 f5 38. Ke2 g5 39. Kf3 a5 40.
Kg3 h4+ 41. Kf3 a4 42. g3 hxg3 43. Kxg3 b5 44. h4 gxh4+ 45. Kxh4 b4 46. Kg5 b3
47. axb3 axb3 48. Rd3 Rc2 49. Rxb3 Rxf2 50. Re3 Kd7 51. Kf6 f4 52. Rxe6 Rxb2
53. Re1 f3 54. Rf1 Rb8 55. Kf5 Kd6 56. Ke4 f2 57. Rxf2 Re8+ 58. Kf3 1/2-1/2

[Event "DVM U16 2008"]
[Site "Bingen GER"]
[Date "2008.12.27"]
[Round "2"]
[White "Kordts, Florian"]
[Black "Schulz, Anja"]
[Result "0-1"]
[Termination "normal"]
[Board "5.1"]
[WhiteElo "1925"]
[BlackElo "1954"]
[WhiteTeam "SC Postbauer-Heng"]
[BlackTeam "SV Muldental Wilkau-Haßlau"]
[PlyCount "120"]
[WhiteFideId "24626856"]
[BlackFideId "24647845"]
[EventCountry "GER"]
[EventRounds "7"]
[EventType "team-swiss"]
[EventDate "2008.12.26"]

1. c4 Nf6 2. Nf3 g6 3. g3 Bg7 4. Bg2 O-O 5. O-O d6 6. Nc3 Nc6 7. d3 e5 8. Rb1
Nd7 9. b4 f5 10. Ng5 Nf6 11. b5 Ne7 12. Bb2 h6 13. Nf3 g5 14. Nd2 Ng6 15. Qb3
Kh8 16. Ba3 Nd7 17. Na4 Re8 18. c5 dxc5 19. Qf7 Kh7 20. Qxf5 Nf6 21. Qf3 e4 22.
Nxe4 Nxe4 23. dxe4 b6 24. Rfd1 Qe7 25. Bb2 Be6 26. Bxg7 Qxg7 27. a3 Ne5 28. Qc3
Rad8 29. Qc2 Qf7 30. Nc3 Rxd1+ 31. Nxd1 Kg8 32. Ne3 Nc4 33. Nxc4 Bxc4 34. Bh3
Rd8 35. Bf5 Rd4 36. Qb2 Qf6 37. Kg2 Qd6 38. e3 Rd2 39. Qc3 Bf7 40. Rb2 Rd3 41.
Qc1 c4 42. Rb4 c5 43. bxc6 Qxc6 44. Kg1 a5 45. Rb1 c3 46. e5 Rd2 47. Qf1 c2 48.
Rc1 Bb3 49. Bg4 Qe4 50. Qb5 Qxg4 51. Qxb3+ Kg7 52. Rxc2 Qd1+ 53. Kg2 Qxc2 54.
Qxc2 Rxc2 55. Kf3 Rc3 56. h4 gxh4 57. gxh4 Rxa3 58. Kg4 Ra4+ 59. f4 Kg6 60. h5+
60... Kf7 {Rest nicht nachvollziehbar} 0-1

[Event "DVM U16 2008"]
[Site "Bingen GER"]
[Date "2008.12.27"]
[Round "2"]
[White "Völz, Michael"]
[Black "Grimm, Pascal"]
[Result "1/2-1/2"]
[Termination "normal"]
[Board "5.2"]
[WhiteElo "1785"]
[BlackElo "1877"]
[WhiteTeam "SV Muldental Wilkau-Haßlau"]
[BlackTeam "SC Postbauer-Heng"]
[PlyCount "151"]
[WhiteFideId "24640107"]
[BlackFideId "24620122"]
[EventCountry "GER"]
[EventRounds "7"]
[EventType "team-swiss"]
[EventDate "2008.12.26"]

1. e4 Nf6 2. e5 Nd5 3. d4 d6 4. c4 Nb6 5. exd6 cxd6 6. Nf3 g6 7. Nc3 Bg7 8. Be3
O-O 9. Bd3 Nc6 10. c5 dxc5 11. dxc5 Nd5 12. Nxd5 Qxd5 13. Qe2 Nd4 14. Nxd4 Bxd4
15. Bxd4 Qxd4 16. O-O Be6 17. Qc2 Rac8 18. Rac1 Rc7 19. Rfd1 Qg4 20. a3 Bd5 21.
f4 Rxc5 22. Qf2 Rxc1 23. Rxc1 Rc8 24. Rxc8+ Qxc8 25. Qe3 Qg4 26. Bf1 e6 27. Qe5
Qh4 28. Qb8+ Kg7 29. Qe5+ Qf6 30. Qe3 Qxb2 31. Qxa7 Qa1 32. Qa4 Bc6 33. Qb4 Qd1
34. Qc3+ Kg8 35. Qe5 Qd5 36. Qe3 Qe4 37. Qf2 Qb1 38. Qc5 Qa1 39. Qb4 f6 40. Qc5
Kf7 41. Qd6 e5 42. Qc7+ Ke6 43. Qc8+ Kd5 44. Qd8+ Kc5 45. Qe7+ Kd5 46. Qd8+ Ke6
47. Qc8+ Kf7 48. Qc7+ Kg8 49. Qd8+ Kg7 50. Qe7+ Kh6 51. Qf8+ Kh5 52. Qxf6 Qd4+
53. Kh1 Qxf4 54. Be2+ Kh6 55. Qxf4+ exf4 56. Kg1 Kg5 57. Kf2 Kf5 58. g3 fxg3+
59. hxg3 Ke4 60. Bc4 Kd4 61. Bg8 h5 62. Bf7 Be4 63. Be8 Kc3 64. a4 Kb4 65. Ke3
Bc2 66. Kd4 Bxa4 67. Bxg6 Bd1 68. Be8 b5 69. Kd3 Kc5 70. Kc3 Bg4 71. Bf7 Bf3
72. Be6 Kd6 73. Bf7 Ke7 74. Bg6 Kf6 75. Be8 Be2 76. Kd2 1/2-1/2

[Event "DVM U16 2008"]
[Site "Bingen GER"]
[Date "2008.12.27"]
[Round "2"]
[White "Riexinger, Martin"]
[Black "Schuffenhauer, Robert"]
[Result "1/2-1/2"]
[Termination "normal"]
[Board "5.3"]
[WhiteElo "1792"]
[BlackElo "1633"]
[WhiteTeam "SC Postbauer-Heng"]
[BlackTeam "SV Muldental Wilkau-Haßlau"]
[PlyCount "77"]
[WhiteFideId "24674320"]
[BlackFideId "1270108"]
[EventCountry "GER"]
[EventRounds "7"]
[EventType "team-swiss"]
[EventDate "2008.12.26"]

1. d4 d5 2. c4 dxc4 3. e4 Nf6 4. Nc3 e6 5. Bg5 Be7 6. Nf3 O-O 7. Bxc4 b6 8. O-O
Nbd7 9. Qc2 h6 10. Bh4 Bb7 11. Bd3 Nh7 12. Bg3 Nhf6 13. Nb5 c5 14. Nd6 Bxd6 15.
Bxd6 Re8 16. e5 Nd5 17. Bb5 Nb4 18. Qc3 Nd5 19. Qc4 cxd4 20. Qa4 Nf4 21. Bc6
Bxc6 22. Qxc6 Rc8 23. Qe4 Ng6 24. Nxd4 Nc5 25. Qe3 Ne7 26. Bxe7 Rxe7 27. Nb5
Qd3 28. Nd6 Rd8 29. Rfe1 Qxe3 30. Rxe3 Nb7 31. Nb5 a6 32. Nc3 Red7 33. Ree1 Nc5
34. Rab1 Rd2 35. f3 b5 36. Ne4 Nxe4 37. Rxe4 Rd1+ 38. Rxd1 Rxd1+ 39. Kf2
1/2-1/2

[Event "DVM U16 2008"]
[Site "Bingen GER"]
[Date "2008.12.27"]
[Round "2"]
[White "Schlemmer, Martin"]
[Black "Riexinger, Andreas"]
[Result "0-1"]
[Termination "normal"]
[Board "5.4"]
[WhiteElo "1436"]
[BlackElo "1716"]
[WhiteTeam "SV Muldental Wilkau-Haßlau"]
[BlackTeam "SC Postbauer-Heng"]
[PlyCount "88"]
[BlackFideId "24652113"]
[EventCountry "GER"]
[EventRounds "7"]
[EventType "team-swiss"]
[EventDate "2008.12.26"]

1. e4 d6 2. d4 Nf6 3. Nc3 g6 4. Be3 Bg7 5. Be2 c6 6. Qd2 Qc7 7. O-O-O Nbd7 8.
Kb1 c5 9. Nb5 Qb6 10. e5 Ne4 11. Qd3 cxd4 12. Qxe4 dxe3 13. Qxe3 O-O 14. Qxb6
Nxb6 15. exd6 exd6 16. Nxd6 Na4 17. Nc4 Be6 18. Ne3 Nxb2 19. Rd6 Na4 20. Nd1
Rad8 21. Rxd8 Rxd8 22. Nf3 Rd6 23. Ng5 Rb6+ 24. Kc1 Bh6 25. f4 Bxa2 26. Kd2
Rd6+ 27. Ke1 Bd5 28. Ne3 Nc3 29. Bd3 a5 30. Kd2 Bxg5 31. fxg5 Ne4+ 32. Kc1 Nxg5
33. h4 Ne4 34. Nxd5 Nf2 35. Rf1 Nxd3+ 36. cxd3 Rxd5 37. Kc2 b5 38. Ra1 b4 39.
Ra2 Rc5+ 40. Kd2 f5 41. g3 Kf7 42. Ke3 b3 43. Rb2 a4 44. Kd4 Rc2 0-1